| 000 | 00484nmm a2200157Ia 4500 | ||
|---|---|---|---|
| 008 | 251105s9999||||xx |||||||||||||||||und|| | ||
| 020 | _a9789878384702 | ||
| 041 | _aspa | ||
| 100 | _aGrassi, Martin | ||
| 245 | 0 |
_aEl dios de los ladrones : _b La disputa por los sentidos del mundo |
|
| 264 |
_a[Buenos Aires, Argentina] : _bEditorial Sb, _c2021 |
||
| 300 | _a141 páginas | ||
| 650 | _aPhilosophy, Ethics | ||
| 856 | _uhttps://public.digitaliapublishing.com/a/129908 | ||
| 942 | _cCF | ||
| 999 |
_c97730 _d97730 |
||